Bench grafting in rubber (Hevea brasiliensis) (Record no. 49355)

MARC details
000 -LEADER
fixed length control field 00398nam a2200121Ia 4500
100 ## - MAIN ENTRY--AUTHOR NAME
Personal name Marattukalam J.G.
245 #0 - TITLE STATEMENT
Title Bench grafting in rubber (Hevea brasiliensis)
260 ## - PUBLICATION, DISTRIBUTION, ETC. (IMPRINT)
Name of publisher Placrosym X, 1992, Kasaragod, India. Journal of Plantation Crops, 21 (Supplement): 277-282.
Year of publication 1993
650 ## - SUBJECT ADDED ENTRY--TOPICAL TERM
Topical Term Bench grafting
700 ## - ADDED ENTRY--PERSONAL NAME
Personal name Varghese Y.A.
942 ## - ADDED ENTRY ELEMENTS (KOHA)
Koha item type Bibliography STAF
Holdings
Withdrawn status Lost status Damaged status Not for loan Home library Current library Shelving location Date acquired Koha item type
      Bibliography RRII Library RRII Library Botany 09/04/2014 Bibliography STAF